3 Letter Codes - Austrian Airlines - Statistics

General Stats
  • This quiz has been taken 9 times
  • The average score is 7 of 136
Answer Stats
Hint Answer % Correct
ZAG ZAGREB
78%
LCA LARNACA
67%
SPU SPLIT
56%
ZAD ZADAR
56%
AMS AMSTERDAM
33%
BUD BUDAPEST
22%
DBV DUBROVNIK
22%
FNC FUNCHAL
22%
GRZ GRAZ
22%
HRG HURGHADA
22%
IBZ IBIZA
22%
MLE MALE
22%
RAK MARRAKECH
22%
MRU MAURITIUS
22%
NCE NICE
22%
OPO PORTO
22%
VIE VIENNA
22%
AYT ANTALYA
11%
BSL BASEL
11%
BIA BASTIA
11%
BIO BILBAO
11%
BRE BREMEN
11%
CAI CAIRO INTERNATIONAL
11%
CLY CALVI
11%
CGN COLOGNE/BONN APT
11%
DLM DALAMAN
11%
EDI EDINBURGH
11%
FUE FUERTEVENTURA
11%
LPA GRAN CANARIA
11%
HAJ HANNOVER
11%
IAS IASI
11%
PMI PALMA DE MALLORCA
11%
TBS TBILISI
11%
TIV TIVAT
11%
ALC ALICANTE APT
0%
AMM AMMAM QUEEN ALIA INTERNATIONAL
0%
ATH ATHENS
0%
BKK BANGKOK SUVARNABHUMI INTERNATIONAL
0%
BCN BARCELONA APT
0%
BRI BARI
0%
BEG BELGRADE NIKOLA TESLA
0%
BGO BERGEN
0%
BER BERLIN BRANDENBURG APT
0%
BLQ BOLOGNA GUGLIELMO MARCONI
0%
BOS BOSTON EDWARD LOGAN INTERNATIONAL APT
0%
BRU BRUSSELS AIRPORT
0%
OTP BUCHAREST HENRI COANDA APT
0%
BOJ BURGAS
0%
CAG CAGLIARI
0%
CTA CATANIA
0%
CHQ CHANIA
0%
ORD CHICAGO O´HARE INTERNATIONAL
0%
RMO CHISNIAU
0%
CPH COPENHAGEN KASTRUP APT
0%
DXB DUBAI INTERNATIONAL
0%
DUS DUESSELDORF INTERNATIONAL APT
0%
EBL ERBIL
0%
FLR FLORENCE PERETOLA APT
0%
FRA FRANKFURT INTERNATIONAL APT
0%
GVA GENEVA INTERNATIONAL
0%
GOA GENOA
0%
GOT GOTEBORG LANDVETTER APT
0%
HAM HAMBURG APT
0%
EVE HARSTAD-NARVIK
0%
INN INNSBRUCK AIRPORT
0%
HER IRAKLEION
0%
KLX KALAMATA
0%
AOK KARPATHOS
0%
KVA KAVALA
0%
EFL KEFALLINIA
0%
CFU KERKYRA
0%
KLU KLAGENFURT
0%
KGS KOS
0%
KSC KOSICE
0%
KRK KRAKOW JOHN PAUL II - BALICE
0%
SUF LAMEZIA TERME
0%
LEJ LEIPZIG/HALLE APT
0%
LXS LIMNOS
0%
LNZ LINZ BLUE DANUBE
0%
LHR LONDON HEATHROW APT
0%
LAX LOS ANGELES INTERNATIONAL APT
0%
LYS LYON ST-EXUPERY APT
0%
AGP MALAGA APT
0%
MRS MARSEILLE PROVENCE APT
0%
MAH MENORCA
0%
LIN MILAN LINATE APT
0%
MIR MONASTIR
0%
YUL MONTREAL PIERRE ELLIOTT TRUDEA
0%
MUC MUNICH INTERNATIONAL APT
0%
JMK MYKONOS
0%
MJT MYTILINI
0%
NAP NAPLES CAPODICHINO APT
0%
EWR NEWARK LIBERTY INTERNATIONAL
0%
JFK NEW YORK J F KENNEDY INTERNATIONAL
0%
OHD OHRID
0%
OLB OLBIA
0%
OSL OSLO GARDERMOEN APT
0%
PMO PALERMO
0%
CDG PARIS CHARLES DE GAULLE APT
0%
GPA PATRAI
0%
TGD PODGORICA
0%
PDL PONTA DELGADA
0%
PVK PREVEZA/LEFKADA
0%
PRN PRISTINA
0%
KEF REYKJAVIK KEFLAVIK INTERNATIONAL
0%
RHO RHODES
0%
FCO ROME FUIMICINO APT
0%
SMI SAMOS
0%
SJJ SARAJEVO
0%
PVG SHANGHAI PUDONG INTERNATIONA
0%
SBZ SIBIU
0%
JSI SKIATHOS
0%
SKP SKOPJE
0%
SKU SKYROS
0%
SOF SOFIA
0%
ARN STOCKHOLM ARLANDA APT
0%
STR STUTTGART APT
0%
IKA TEHERAN IMAM KOHMEINI INTERNATIONAL
0%
TLV TEL AVIV-YAFO BEN GURION INTERNATIONAL
0%
TFS TENERIFE SUR APT
0%
SKG THESSALONIKI
0%
JTR THIRA
0%
TIA TIRANA
0%
NRT TOKYO NARITA INTERNATIONAL
0%
TOS TROMSO
0%
PRG VACLAV HAVEL AIRPORT PARGUE
0%
VLC VALENCIA APT
0%
VAR VARNA
0%
VCE VENICE MARCO POLO APT
0%
VNO VILNIUS
0%
WAW WARSAW FREDERIC CHOPIN
0%
IAD WASHINGTON DULLES INTERNATIONAL
0%
GWT WESTERLAND
0%
EVN YEREVAN
0%
ZTH ZAKINTHOS ISLAND
0%
ZRH ZURICH APT
0%
No matching quizzes found
Score Distribution
Percent of People with Each Score
Percentile by Number Answered
Your Score History
You have not taken this quiz